National planning framework for Scotland (Record no. 105891)

MARC details
000 -LEADER
fixed length control field 01493cam a2200229 4500
001 - CONTROL NUMBER
control field ##E135021
008 - FIXED-LENGTH DATA ELEMENTS--GENERAL INFORMATION
fixed length control field 040609n2006 000 0 eng u
020 ## - INTERNATIONAL STANDARD BOOK NUMBER
International Standard Book Number 0755951136
035 ## - SYSTEM CONTROL NUMBER
System control number (Sirsi) u135021
041 0# - LANGUAGE CODE
Language code of text/sound track or separate title eng
050 04 - LIBRARY OF CONGRESS CALL NUMBER
Classification number 711.026411 $2 18
110 1# - MAIN ENTRY--CORPORATE NAME
Corporate name or jurisdiction name as entry element Scotland
Subordinate unit Scottish Executive
9 (RLIN) 4769
245 00 - TITLE STATEMENT
Title National planning framework for Scotland
Remainder of title monitoring report 06
260 ## - PUBLICATION, DISTRIBUTION, ETC.
Place of publication, distribution, etc. Edinburgh
Name of publisher, distributor, etc. Scottish Executive
Date of publication, distribution, etc. 2006
300 ## - PHYSICAL DESCRIPTION
Extent 62p.
Other physical details ill.
Dimensions 30cm.
520 ## - SUMMARY, ETC.
Summary, etc. The Scottish Executive published Scotland's first National Planning Framework in April 2004. The framework sets out a strategy to guide the spatial development of Scotland to 2025. The Executive will publish the second National Planning Framework in 2008 and this monitoring report is intended to inform the review and revision process. Drawing on the latest available data from a wide range of sources, it highlights trends and policy developments which have a bearing on Scotland's long-term spatial development. The executive summary identifies progress in relation to the 10 key elements of the spatial strategy set out in the framework. Trends and policy developments are addressed in greater detail in the sections which follow.
590 ## - LOCAL NOTE (RLIN)
Local note IKA031006 NTK
651 #4 - SUBJECT ADDED ENTRY--GEOGRAPHIC NAME
Geographic name Scotland
Chronological subdivision 1999-
690 ## - LOCAL SUBJECT ADDED ENTRY--TOPICAL TERM (OCLC, RLIN)
Topical term or geographic name as entry element Planning and development
9 (RLIN) 6259
856 40 - ELECTRONIC LOCATION AND ACCESS
Uniform Resource Identifier <a href="https://www.scotland.gov.uk/Publications/2006/09/11154149/0">https://www.scotland.gov.uk/Publications/2006/09/11154149/0</a>
Public note View the National Planning Framework free of charge at www.scotland.gov.uk...
942 ## - ADDED ENTRY ELEMENTS (KOHA)
Suppress in OPAC 0
Holdings
Withdrawn status Lost status Source of classification or shelving scheme Damaged status Not for loan Home library Current library Shelving location Date acquired Total Checkouts Full call number Barcode Date last seen Copy number Price effective from Koha item type
    Dewey Decimal Classification     Virtual Virtual Online 19/09/2006   ONLINE PUBLICATION 135021-1001 06/08/2019 1 06/08/2019 Book